00235 a2200121 4500001000700000020000600007040001100013100001600024240003100040245002600071300000700097362000900104191123 a  cMagnum aGama, Dalmy10aVamos tocar guitarra?lpor10aVamos tocar guitarra? a240 a1998